| 000 | 00000nam##2200000za#4500 |
| 001 | 9.648258 |
| 003 | CaOODSP |
| 005 | 20200330092058 |
| 007 | ta |
| 008 | 150407|2000||||xxc||||| f|0| 0 eng|d |
| 020 | |a0-662-30849-2 |
| 040 | |aCaOODSP|beng |
| 043 | |an-cn--- |
| 086 | 1 |aE2-402/2000E |
| 110 | 1 |aCanada.|bForeign Affairs and International Trade. |bCanadian Centre for Foreign Policy Development. |
| 245 | 10|aHuman security and Asia's financial crisis : |ba critique in light of Asia's financial crisis / |cby Xavier Furtado. |
| 260 | |aOttawa - Ontario : |bForeign Affairs and International Trade. |c2000. |
| 300 | |a24p. : |c28 cm. |
| 504 | |aBibliography. |
| 563 | |aSoftcover |
| 590 | |a02-34|b2002-08-23 |
| 690 | 07|aAssessment|2gcpds |
| 690 | 07|aFinancial crisis|2gcpds |
| 690 | 07|aForeign policy|2gcpds |
| 690 | 07|aHuman safety|2gcpds |
| 720 | 1 |aFurtado, Xavier |
| 776 | 0#|tThe security implications of the financial crisis : |w(CaOODSP)9.686226 |